00430nam a2200145 a 450000500170000000800410001702000180005805000180007610000160009424500320011026000390014230000230018152000610020465000190026520140412111255.0000824s19uu xx 00 eng d a0-590-40006-1 aTR(PS EbFi52 aLionni, Leo aFish is fish /cLeo Lionni. aNew York :bScholastic Inc,c1973. a1 v. (unp.) ; ill. aFish wants to be like his friend Frog and see the world! aFishes-Fiction